000 00557aam a2200205 4500
005 20170220165607.0
008 150512b xxu||||| |||| 00| 0 spa d
041 _aspa
082 _a1.11.8 B644t
100 _aBlasco, Albert
_937964
245 _aTurismo y transporte
260 _aEspaña
_bSintesis
_c2001
300 _a217 páginas
650 _aTRANSPORTE TURÍSTICO
_911935
650 _aFERROCARRILES
_97533
650 _aTRANSPORTE ACUÁTICO
_921792
650 _aCRUCEROS TURÍSTICOS
_937965
650 _aTRANSPORTE AÉREO
_911936
942 _cBK
999 _c5362
_d5362